| 000 | 00994cam a2200253 a 4500 | ||
|---|---|---|---|
| 001 | 53 | ||
| 003 | BR-CuiBMT | ||
| 005 | 20231120022829.0 | ||
| 008 | 230808b2022 mgba 000 0 por d | ||
| 040 |
_aBR-CuiBMT _cBR-CuiBMT |
||
| 080 |
_22007 _a342:336.22 |
||
| 090 |
_a342:336.22 _bL734 |
||
| 245 | 0 | 0 |
_aLimitações materiais ao poder de tributar / _cOswaldo Othon de Pontes Saraiva Filho ... [et al.] coordenadores ; prefácio Rogério Gandra da Silva Martins. |
| 260 |
_aBelo Horizonte : _bFórum, _c2022. |
||
| 300 |
_a469 p. : _bil. ; _c21 cm |
||
| 490 | 1 |
_aColeção Fórum princípios constitucionais tributários ; _vv. 3 |
|
| 504 | _aInclui bibliografia. | ||
| 650 |
_aDireito tributário _zBrasil |
||
| 650 |
_aCompetência tributária _xLimitações _zBrasil |
||
| 650 |
_aDireito constitucional _xQuestões tributárias _zBrasil |
||
| 700 | 1 |
_aSaraiva Filho, Oswaldo Othon de Pontes _eet al. _4coord. |
|
| 830 | 0 |
_aFórum princípios constitucionais tributários ; _v3 |
|
| 942 |
_2udc _cLV |
||
| 999 |
_c53 _d53 |
||